[Event "Carnaval"]
[Site "Quebec CAN"]
[Date "2016.02.21"]
[Round "4"]
[White "Larochelle, Martial"]
[Black "Zhou, Qiyu"]
[Result "1/2-1/2"]
[WhiteElo "2099"]
[BlackElo "2328"]
[PlyCount "118"]
[EventDate "2016.02.19"]
[EventType "swiss"]
[EventRounds "5"]
[EventCountry "CAN"]

1. d4 Nf6 2. c4 e6 3. Nc3 Bb4 4. e3 O-O 5. Nge2 d5 6. a3 Be7 7. Nf4 c6 8. cxd5
exd5 9. Bd3 a5 10. O-O Na6 11. f3 Nc7 12. Bc2 c5 13. Qd2 b5 14. dxc5 Bxc5 15.
Rd1 Bb7 16. Nce2 Re8 17. Nd4 Qd6 18. Qf2 Rac8 19. Bd2 Qb6 20. b4 axb4 21. Bxb4
Ne6 22. Bxc5 Rxc5 23. Nd3 Rc3 24. Rdb1 Nxd4 25. exd4 Qc6 26. Nc5 Nd7 27. Bd3
Nxc5 28. Bxb5 Qc8 29. Bxe8 Nb3 30. Rxb3 Rxb3 31. Ba4 Rxa3 32. Rxa3 Qc1+ 33. Qf1
Qxa3 34. Qb5 Qa1+ 35. Kf2 Qxd4+ 36. Ke2 Qe5+ 37. Kd3 Qf5+ 38. Kd4 Qf6+ 39. Kc5
Qe7+ 40. Kd4 h5 41. Qe8+ Qxe8 42. Bxe8 Kf8 43. Ba4 Ke7 44. Bb3 Ke6 45. g3 g5
46. Ba2 h4 47. Bb3 f6 48. Ba2 hxg3 49. hxg3 Kd6 50. Bb3 Ke6 51. Ba2 f5 52. f4
gxf4 53. gxf4 Kd6 54. Bb3 Bc6 55. Bc2 Bd7 56. Bd3 Bc8 57. Bc2 Bd7 58. Bd3 Be6
59. Bb1 Bd7 1/2-1/2

[Event "Carnaval"]
[Site "Quebec CAN"]
[Date "2016.02.21"]
[Round "5"]
[White "Caire, Francois"]
[Black "Larochelle, Martial"]
[Result "1/2-1/2"]
[WhiteElo "2243"]
[BlackElo "2099"]
[PlyCount "107"]
[EventDate "2016.02.19"]
[EventType "swiss"]
[EventRounds "5"]
[EventCountry "CAN"]

1. d4 Nf6 2. c4 e6 3. Nf3 Bb4+ 4. Bd2 Qe7 5. g3 Nc6 6. Bg2 Bxd2+ 7. Nbxd2 d6 8.
O-O O-O 9. e4 e5 10. d5 Nb8 11. Ne1 c6 12. Nd3 Na6 13. a3 cxd5 14. cxd5 Bd7 15.
b4 Bb5 16. Qb3 Qd7 17. Rfc1 Ng4 18. Nb2 Qe7 19. f3 Nh6 20. a4 Bd7 21. Nd3 Rac8
22. b5 Nc5 23. Nxc5 Rxc5 24. Rxc5 dxc5 25. b6 a6 26. Rc1 Rc8 27. Bf1 Qg5 28.
Rc2 f5 29. a5 Rf8 30. Qc3 f4 31. Kg2 Qh5 32. gxf4 Rxf4 33. Qxc5 Bh3+ 34. Kg1
Bxf1 35. Qc8+ Rf8 36. Qe6+ Nf7 37. Nxf1 Qxf3 38. Rc8 g6 39. Rxf8+ Kxf8 40. Qc8+
Kg7 41. Qxb7 Kh6 42. Qc8 Ng5 43. b7 Nxe4 44. Qc2 Ng5 45. Qd2 Qg4+ 46. Ng3 Kg7
47. Qxg5 Qxg5 48. b8=Q Qe3+ 49. Kf1 Qc1+ 50. Kf2 Qc5+ 51. Ke2 Qc2+ 52. Ke3 Qc3+
53. Ke2 Qc2+ 54. Ke3 1/2-1/2

[Event "Carnaval"]
[Site "Quebec CAN"]
[Date "2016.02.21"]
[Round "5"]
[White "Zhou, Qiyu"]
[Black "Zhu, Hong Rui"]
[Result "1/2-1/2"]
[WhiteElo "2328"]
[BlackElo "2235"]
[PlyCount "55"]
[EventDate "2016.02.19"]
[EventType "swiss"]
[EventRounds "5"]
[EventCountry "CAN"]

1. d4 d5 2. Nf3 e6 3. e3 Bd6 4. c4 c6 5. b3 f5 6. Bd3 Nf6 7. O-O Qe7 8. Bb2 O-O
9. Nbd2 b6 10. Qe2 Bb7 11. Ne5 c5 12. cxd5 Nxd5 13. Ndc4 cxd4 14. Bxd4 Nc6 15.
Nxc6 Bxc6 16. Ne5 Bb7 17. Rac1 Rac8 18. Ba6 Ba3 19. Rxc8 Rxc8 20. Bxb7 Qxb7 21.
Nc4 Be7 22. Qf3 Qc6 23. a4 Bf6 24. Bxf6 Nxf6 25. Qxc6 Rxc6 26. Rd1 Nd5 27. f3
Rc8 28. Kf2 1/2-1/2

[Event "Carnaval U1700"]
[Site "Quebec CAN"]
[Date "2016.02.21"]
[Round "5"]
[White "Leblanc-Legault, Mathieu"]
[Black "Laurendeau, Alfred"]
[Result "0-1"]
[WhiteElo "1619"]
[BlackElo "1510"]
[PlyCount "133"]
[EventDate "2016.02.19"]
[EventType "swiss"]
[EventRounds "5"]
[EventCountry "CAN"]

1. Nf3 Nf6 2. d4 e6 3. e3 b6 4. Be2 Bb7 5. O-O Be7 6. b3 O-O 7. c4 d6 8. Nc3
Nbd7 9. Bb2 Re8 10. a3 e5 11. dxe5 dxe5 12. Nd5 Nxd5 13. cxd5 e4 14. Ne1 Bf6
15. Bxf6 Nxf6 16. Bb5 Re5 17. Bc6 Bxc6 18. dxc6 Rc5 19. Qe2 Rxc6 20. Nc2 Rd6
21. Rfd1 c5 22. Rxd6 Qxd6 23. Rd1 Qc7 24. Qd2 h6 25. h3 b5 26. b4 c4 27. Nd4 a6
28. Ne2 a5 29. Nc3 axb4 30. Nxb5 Qa5 31. Qxb4 Qxb4 32. axb4 Rb8 33. Na3 Rxb4
34. Rd8+ Kh7 35. Rd4 Ra4 36. Nxc4 Ra1+ 37. Kh2 Ra2 38. Nd2 g6 39. g4 g5 40. Kg3
Ra8 41. Nxe4 Nxe4+ 42. Rxe4 Kg6 43. Rd4 Re8 44. e4 Kg7 45. f3 Re6 46. Rd5 Kf6
47. Rf5+ Kg6 48. e5 f6 49. f4 gxf4+ 50. Kxf4 fxe5+ 51. Ke4 Re7 52. h4 Re8 53.
Rf3 Kg7 54. Rd3 Kf6 55. Rd6+ Re6 56. g5+ hxg5 57. hxg5+ Ke7 58. Rd5 Kf7 59. Kf5
e4 60. Rd7+ Re7 61. g6+ Kf8 62. Rd1 Kg7 63. Rh1 Re8 64. Rh7+ Kg8 65. Kf6 Rf8+
66. Ke7 e3 67. Rf7 0-1

[Event "Carnaval U2000"]
[Site "Quebec CAN"]
[Date "2016.02.20"]
[Round "2"]
[White "Mercure, Gilbert"]
[Black "Sarra-Bournet, Marc"]
[Result "0-1"]
[WhiteElo "1738"]
[BlackElo "1898"]
[PlyCount "112"]
[EventDate "2016.02.19"]
[EventType "swiss"]
[EventRounds "5"]
[EventCountry "CAN"]

1. e4 e5 2. Nf3 Nc6 3. Bc4 Bc5 4. b4 Bxb4 5. c3 Ba5 6. d4 exd4 7. O-O Nge7 8.
cxd4 d6 9. Qb3 O-O 10. Ng5 d5 11. exd5 Nxd4 12. Qd3 Ndf5 13. Ba3 h6 14. Ne4 Nd6
15. Nxd6 cxd6 16. Nc3 Bf5 17. Ne4 Rc8 18. Rac1 Ng6 19. Bb2 Bxe4 20. Qxe4 Re8
21. Qg4 Ne5 22. Qg3 a6 23. h4 f6 24. Bxe5 Rxe5 25. f4 Bb6+ 26. Kh1 Re3 27. Qg4
Qe8 28. Qf5 Rc7 29. Kh2 Kf8 30. Bb3 Qd7 31. Qg6 Rcc3 32. Rxc3 Rxc3 33. Bc2 Qb5
34. Re1 Be3 35. Qe4 Qc5 36. Bd3 Rxd3 37. Qxd3 Bxf4+ 38. Kh3 Qc8+ 39. Re6 Qc5
40. Qg6 Qc8 41. g3 Be5 42. Qh7 Kf7 43. h5 b5 44. Qf5 Qd8 45. Qc2 Qd7 46. g4 b4
47. Qf5 Qb5 48. g5 hxg5 49. Qg6+ Kf8 50. Qf5 b3 51. axb3 Qxb3+ 52. Kg2 Qxd5+
53. Kf1 Qc4+ 54. Kg2 Qe2+ 55. Qf2 Qg4+ 56. Kf1 Qxe6 0-1

[Event "Carnaval U2000"]
[Site "Quebec CAN"]
[Date "2016.02.21"]
[Round "4"]
[White "Mercure, Gilbert"]
[Black "Garceau, Steve"]
[Result "1-0"]
[WhiteElo "1689"]
[BlackElo "1738"]
[PlyCount "108"]
[EventDate "2016.02.19"]
[EventType "swiss"]
[EventRounds "5"]
[EventCountry "CAN"]

1. e4 Nc6 2. Nf3 e5 3. Bc4 Nf6 4. Ng5 d5 5. exd5 Na5 6. Bb5+ Bd7 7. Qe2 Nxd5 8.
Qxe5+ Qe7 9. Bxd7+ Kxd7 10. d4 f6 11. Qxe7+ Bxe7 12. Nf3 Bb4+ 13. Bd2 Rae8+ 14.
Kd1 Re6 15. c3 Bd6 16. b3 b5 17. c4 Nxc4 18. bxc4 bxc4 19. Nc3 c6 20. g3 Rhe8
21. Re1 Nb4 22. Rxe6 Rxe6 23. Be3 Nd5 24. Nxd5 cxd5 25. Kc2 Ba3 26. Rb1 Kc6 27.
Rb8 Re7 28. Nd2 Bd6 29. Rc8+ Kb7 30. Rg8 g6 31. Nb1 Kc6 32. Rc8+ Kb7 33. Rf8
Rxe3 34. Rxf6 Re2+ 35. Kd1 Be7 36. Rf7 Re6 37. Nc3 Kc6 38. Rxh7 Bf6 39. Rxa7
Bxd4 40. Ra6+ Kd7 41. Rxe6 Kxe6 42. Ne2 Bxf2 43. Nf4+ Ke5 44. Nxg6+ Ke4 45. a4
Kf3 46. Ne5+ Ke4 47. Ng4 Bg1 48. a5 d4 49. a6 d3 50. Nf6+ Kf3 51. Nd5 Bd4 52.
h4 Kg4 53. Kd2 Kf3 54. h5 c3+ 1-0

[Event "Carnaval U2000"]
[Site "Quebec CAN"]
[Date "2016.02.21"]
[Round "5"]
[White "Mercure, Gilbert"]
[Black "Cui, Cynthia"]
[Result "1-0"]
[WhiteElo "1738"]
[BlackElo "1658"]
[PlyCount "99"]
[EventDate "2016.02.19"]
[EventType "swiss"]
[EventRounds "5"]
[EventCountry "CAN"]

1. e4 d5 2. exd5 Qxd5 3. Nc3 Qd6 4. d4 Nf6 5. Bc4 c6 6. Nge2 Bf5 7. f3 e6 8.
Bf4 Qb4 9. Bb3 Nbd7 10. g4 Bg6 11. a3 Qb6 12. h4 h6 13. Qd2 Nd5 14. O-O-O O-O-O
15. Nxd5 exd5 16. Nc3 Qa6 17. Qe2 Qxe2 18. Nxe2 Nb6 19. h5 Bh7 20. Rhe1 Bd6 21.
Bxd6 Rxd6 22. Ng3 Rf6 23. Re3 Na8 24. c4 dxc4 25. Bxc4 Nc7 26. Kd2 Rd8 27. Kc3
Nd5+ 28. Bxd5 Rxd5 29. b4 Rfd6 30. Ne2 a5 31. Rd2 Kd7 32. Re5 axb4+ 33. axb4 f5
34. Rxd5 Rxd5 35. Nf4 Rb5 36. Nd3 fxg4 37. Ne5+ Ke6 38. fxg4 Rd5 39. Rf2 Kd6
40. Rf7 b5 41. Rd7+ Ke6 42. Rxg7 Be4 43. g5 hxg5 44. h6 Rd8 45. Nf7 Rf8 46.
Nxg5+ Kf5 47. Nf7 Ke6 48. Ng5+ Kf5 49. h7 Rh8 50. Rg8 1-0

[Event "Choc des generations"]
[Site "Montreal CAN"]
[Date "2016.06.24"]
[Round "1.2"]
[White "Fillion, Steve"]
[Black "Yu, Zong Yang"]
[Result "0-1"]
[WhiteElo "2154"]
[BlackElo "2367"]
[PlyCount "90"]
[EventDate "2016.06.24"]
[EventType "schev"]
[EventRounds "5"]
[EventCountry "CAN"]

1. e4 c5 2. Nf3 e6 3. Qe2 Nc6 4. c3 e5 5. g3 g6 6. Bg2 Bg7 7. O-O d6 8. d3 Nf6
9. Rd1 O-O 10. Nbd2 Be6 11. a3 b5 12. b4 Nd7 13. Bb2 Rb8 14. Rac1 Qe7 15. h4 h6
16. Nf1 Rfd8 17. Ne3 Nb6 18. Nd2 cxb4 19. axb4 a5 20. Nd5 Qb7 21. Ba3 Ra8 22.
Ra1 Na4 23. Rdc1 axb4 24. Nxb4 Nxc3 25. Qe1 Nxb4 26. Bxb4 Na2 27. Rcb1 Bf8 28.
Nf1 Nxb4 29. Qxb4 Rxa1 30. Rxa1 Rb8 31. Qb2 b4 32. Ne3 Be7 33. Nd5 b3 34. Ra4
Bd8 35. Rb4 Qxb4 36. Nxb4 Rxb4 37. Bf3 Bb6 38. Bd1 Bd4 39. Qa3 Rb6 40. Bxb3
Bxb3 41. Qc1 Be6 42. Qxh6 Bg4 43. Qg5 Bf3 44. g4 Rb1+ 45. Kh2 Bxf2 0-1

[Event "Choc des generations"]
[Site "Montreal CAN"]
[Date "2016.06.24"]
[Round "1.4"]
[White "Ouellet, Maili-Jade"]
[Black "Voskanyan, Vahagn"]
[Result "0-1"]
[WhiteElo "1945"]
[BlackElo "2210"]
[PlyCount "144"]
[EventDate "2016.06.24"]
[EventType "schev"]
[EventRounds "5"]
[EventCountry "CAN"]

1. d4 Nf6 2. c4 e6 3. Nc3 Bb4 4. Qc2 c5 5. dxc5 Bxc5 6. e3 b6 7. Nf3 Bb7 8. Bd3
O-O 9. O-O Nc6 10. a3 Rc8 11. Rd1 h6 12. b3 Ng4 13. Bb2 Nce5 14. Nxe5 Nxe5 15.
Be4 Bxe4 16. Nxe4 Ng6 17. Qc3 e5 18. Qd3 Rc7 19. Rd2 Re8 20. Rad1 Bf8 21. Qe2
Re6 22. Qg4 a6 23. Nc3 Qc8 24. Nd5 Rb7 25. f4 exf4 26. exf4 Qe8 27. Qg3 Re2 28.
f5 Rxd2 29. Rxd2 Bd6 30. Nf6+ gxf6 31. Rxd6 Qe4 32. Qc3 Nf4 33. Qd2 Qxf5 34.
Bxf6 Kh7 35. h3 b5 36. cxb5 Rxb5 37. b4 a5 38. Bc3 axb4 39. axb4 Rd5 40. Rxd5
Nxd5 41. Bb2 Nf4 42. Kh2 f6 43. Bc1 Nd5 44. Qxh6+ Kg8 45. Qd2 Qe5+ 46. Kh1 Ne7
47. Bb2 Qe6 48. b5 Nf5 49. Qc3 Kh7 50. Qd3 Kg8 51. Bc3 Ne7 52. Qd4 Nd5 53. Bd2
Kf7 54. Ba5 Ne7 55. Qc5 Nf5 56. Qc3 Qd6 57. Qb3+ Kg6 58. Qc2 Qd5 59. Qb1 Kg7
60. Bc7 d6 61. b6 Ng3+ 62. Kg1 Qd4+ 63. Kh2 Qf4 64. Qe1 Ne2+ 65. g3 Qf3 66.
Bxd6 Nd4 67. Qe7+ Kg6 68. Qe8+ Kh7 69. Qf7+ Kh8 70. Qa2 Ne2 71. h4 Qf2+ 72. Kh3
Ng1+ 0-1

[Event "Choc des generations"]
[Site "Montreal CAN"]
[Date "2016.06.25"]
[Round "2.1"]
[White "Voskanyan, Vahagn"]
[Black "Zhu, Hong Rui"]
[Result "1-0"]
[WhiteElo "2210"]
[BlackElo "2218"]
[PlyCount "115"]
[EventDate "2016.06.24"]
[EventType "schev"]
[EventRounds "5"]
[EventCountry "CAN"]

1. Nf3 c5 2. c4 Nc6 3. d4 cxd4 4. Nxd4 Nf6 5. Nc3 e6 6. e3 Be7 7. Be2 O-O 8.
O-O b6 9. Nxc6 dxc6 10. Bf3 Bb7 11. Qc2 Qc7 12. b3 Rad8 13. Bb2 c5 14. Bxb7
Qxb7 15. Rad1 Qc6 16. f3 a6 17. Ne2 Qc7 18. Ng3 Nd7 19. Rd2 Bd6 20. Rfd1 Bxg3
21. hxg3 Nb8 22. Kf2 Nc6 23. Bc3 Rxd2+ 24. Rxd2 Rd8 25. Qd1 f6 26. g4 Kf7 27.
Rxd8 Qxd8 28. Qxd8 Nxd8 29. Ke2 Nc6 30. Be1 f5 31. gxf5 exf5 32. Bg3 Ke6 33.
Bc7 b5 34. cxb5 axb5 35. a4 c4 36. axb5 cxb3 37. Kd2 Nb4 38. Kc1 Nd5 39. Bh2
Kd7 40. Bg1 Nc3 41. Kb2 Nxb5 42. Kxb3 Nd6 43. Kc3 Ke6 44. Kd4 Nb5+ 45. Kc5 Na3
46. Bf2 Nb1 47. Be1 Na3 48. Bd2 f4 49. exf4 Nb1 50. Bb4 Kf5 51. Kd4 Kxf4 52.
Bd6+ Kg5 53. g3 h5 54. Kd3 Kf5 55. Kc2 g5 56. Kxb1 g4 57. f4 Ke4 58. Kc2 1-0

[Event "Choc des generations"]
[Site "Montreal CAN"]
[Date "2016.06.25"]
[Round "3.1"]
[White "Zhu, Hong Rui"]
[Black "Tremblay, Rejean"]
[Result "1-0"]
[WhiteElo "2218"]
[BlackElo "2189"]
[PlyCount "75"]
[EventDate "2016.06.24"]
[EventType "schev"]
[EventRounds "5"]
[EventCountry "CAN"]

1. e4 c5 2. Nf3 d6 3. d4 cxd4 4. Nxd4 Nf6 5. Nc3 a6 6. Bg5 e6 7. f4 Nbd7 8. Qf3
Qc7 9. O-O-O b5 10. Bd3 Bb7 11. Rhe1 Be7 12. Qg3 b4 13. Nd5 exd5 14. exd5 Kd8
15. Nc6+ Bxc6 16. dxc6 Qxc6 17. Bxf6 Bxf6 18. Be4 Qa4 19. Bxa8 Qxa2 20. Qb3
Qa1+ 21. Kd2 Qxb2 22. Qxb2 Bxb2 23. Re4 Bc3+ 24. Ke2 Nf6 25. Rc4 Kd7 26. Bb7 a5
27. Rc6 Re8+ 28. Kf3 Rb8 29. Rdxd6+ Ke7 30. Ba6 a4 31. Bc4 a3 32. Ra6 Ne8 33.
Rd3 f5 34. Ra7+ Kf6 35. Re3 Kg6 36. Bf7+ Kh6 37. Ke2 Nf6 38. Rh3+ 1-0

[Event "Choc des generations"]
[Site "Montreal CAN"]
[Date "2016.06.25"]
[Round "3.2"]
[White "Yu, Zong Yang"]
[Black "Voskanyan, Vahagn"]
[Result "1-0"]
[WhiteElo "2367"]
[BlackElo "2210"]
[PlyCount "97"]
[EventDate "2016.06.24"]
[EventType "schev"]
[EventRounds "5"]
[EventCountry "CAN"]

1. d4 Nf6 2. c4 e6 3. Nf3 b6 4. a3 Bb7 5. Nc3 d5 6. Bg5 Be7 7. Qa4+ c6 8. cxd5
exd5 9. g3 O-O 10. Bg2 Nbd7 11. O-O a5 12. Rfd1 Re8 13. Rac1 h6 14. Bf4 Bf8 15.
Qc2 Qe7 16. Ne5 Nxe5 17. dxe5 Nd7 18. e4 d4 19. Rxd4 Nxe5 20. Na4 b5 21. Nc5
Bc8 22. Bxe5 Qxe5 23. Rd2 Qc7 24. f4 b4 25. a4 Rb8 26. b3 Bxc5+ 27. Qxc5 Be6
28. Rd3 Red8 29. Re3 f6 30. Bf1 Qb6 31. f5 Bf7 32. Qxb6 Rxb6 33. Rc5 Rd1 34.
Kg2 Rb1 35. Bc4 Bxc4 36. Rxc4 Ra6 37. Kf3 h5 38. e5 fxe5 39. Ke4 Rd1 40. Rc5
Kf7 41. Kxe5 Ra8 42. Kf4 Rd7 43. Kg5 Rc8 44. Rxa5 c5 45. Rb5 c4 46. Rxb4 c3 47.
Rc4 Rxc4 48. bxc4 Ra7 49. Rxc3 1-0

[Event "Choc des generations"]
[Site "Montreal CAN"]
[Date "2016.06.25"]
[Round "3.4"]
[White "Fillion, Steve"]
[Black "Ouellet, Maili-Jade"]
[Result "1-0"]
[WhiteElo "2154"]
[BlackElo "1945"]
[PlyCount "57"]
[EventDate "2016.06.24"]
[EventType "schev"]
[EventRounds "5"]
[EventCountry "CAN"]

1. e4 c5 2. Nf3 e6 3. d3 Nc6 4. g3 d6 5. Bg2 g6 6. d4 Bg7 7. dxc5 dxc5 8. Qxd8+
Kxd8 9. c3 Nge7 10. Na3 b6 11. Nc4 f5 12. exf5 exf5 13. Nfe5 Bxe5 14. Nxe5 Re8
15. O-O Bb7 16. Bf4 Na5 17. Rfd1+ Kc8 18. Nf7 Bxg2 19. Nd6+ Kd7 20. Nxe8+ Kxe8
21. Kxg2 Nac6 22. Rd6 Rd8 23. Re1 Rxd6 24. Bxd6 Kd7 25. Bxe7 Nxe7 26. Rd1+ Kc7
27. Kf3 Nc6 28. Kf4 h6 29. h4 1-0

[Event "Choc des generations"]
[Site "Montreal CAN"]
[Date "2016.06.26"]
[Round "4.2"]
[White "Tremblay, Rejean"]
[Black "Yu, Zong Yang"]
[Result "1-0"]
[WhiteElo "2189"]
[BlackElo "2367"]
[PlyCount "79"]
[EventDate "2016.06.24"]
[EventType "schev"]
[EventRounds "5"]
[EventCountry "CAN"]

1. d4 Nf6 2. c4 e6 3. Nf3 b6 4. Nc3 Bb4 5. Bg5 Bb7 6. e3 h6 7. Bh4 O-O 8. Be2
d6 9. Qb3 Bxc3+ 10. Qxc3 Nbd7 11. b4 c5 12. dxc5 bxc5 13. O-O g5 14. Bg3 Ne4
15. Qb2 cxb4 16. Qxb4 Ndc5 17. Rfd1 Qc7 18. Nd4 a6 19. Nb3 e5 20. Nxc5 Nxc5 21.
f3 Qe7 22. Qe1 f5 23. Bf2 Rf6 24. Rd2 e4 25. Rb2 Raf8 26. Rab1 Rg6 27. fxe4
fxe4 28. Bg3 Rgf6 29. Qd2 Rd8 30. Rxb7 Nxb7 31. Qd5+ Rf7 32. Bh5 Rdf8 33. h3
Kg7 34. Bxf7 Rxf7 35. Rb6 Qc7 36. Rxa6 Qc5 37. Qxe4 Kf8 38. Rc6 Re7 39. Qf3+
Rf7 40. Rxc5 1-0

[Event "Choc des generations"]
[Site "Montreal CAN"]
[Date "2016.06.26"]
[Round "5.1"]
[White "Fillion, Steve"]
[Black "Zhu, Hong Rui"]
[Result "0-1"]
[WhiteElo "2154"]
[BlackElo "2218"]
[PlyCount "88"]
[EventDate "2016.06.24"]
[EventType "schev"]
[EventRounds "5"]
[EventCountry "CAN"]

1. e4 c5 2. Nf3 g6 3. c3 Bg7 4. d4 cxd4 5. cxd4 d5 6. e5 Nc6 7. Bb5 Nh6 8. O-O
O-O 9. Bxc6 bxc6 10. Bf4 f6 11. exf6 exf6 12. Qc1 Nf7 13. Qxc6 Bg4 14. Nbd2 Rc8
15. Qb5 Rc2 16. Rac1 Qc8 17. Rxc2 Qxc2 18. Qxd5 Qxb2 19. h3 Bf5 20. Re1 Rd8 21.
Qa5 Qb7 22. Rc1 Rc8 23. Rxc8+ Bxc8 24. d5 f5 25. Nc4 Qb1+ 26. Kh2 Qe4 27. Qc7
Ba6 28. Ne3 h6 29. h4 Bf8 30. Nd2 Qb4 31. Nec4 g5 32. hxg5 hxg5 33. a3 Qc3 34.
Be3 Nd6 35. Qa5 Qh8+ 36. Kg1 Bxc4 37. Nxc4 Nxc4 38. Qxa7 Qa1+ 39. Kh2 Qe5+ 40.
g3 Nxe3 41. Qxe3 Qxe3 42. fxe3 Bxa3 43. g4 f4 44. exf4 Bd6 0-1

[Event "Choc des generations"]
[Site "Montreal CAN"]
[Date "2016.06.26"]
[Round "5.4"]
[White "Tremblay, Rejean"]
[Black "Ouellet, Maili-Jade"]
[Result "1-0"]
[WhiteElo "2189"]
[BlackElo "1945"]
[PlyCount "113"]
[EventDate "2016.06.24"]
[EventType "schev"]
[EventRounds "5"]
[EventCountry "CAN"]

1. d4 d5 2. c4 e6 3. Nf3 Nf6 4. Nc3 Be7 5. Bf4 O-O 6. e3 Nbd7 7. Bd3 dxc4 8.
Bxc4 a6 9. e4 b5 10. Bd3 Bb7 11. e5 Nd5 12. Nxd5 Bxd5 13. O-O c5 14. Qc2 h6 15.
Bh7+ Kh8 16. Be4 Bxe4 17. Qxe4 Nb6 18. dxc5 Bxc5 19. Rac1 Qe7 20. Rc2 Rac8 21.
Rfc1 Nd5 22. Bd2 Rc7 23. Ba5 Bb6 24. Rxc7 Bxc7 25. Bxc7 Nxc7 26. Qb7 Rd8 27. h3
Rd7 28. Qb6 Qd8 29. Kh2 Kh7 30. Rc6 Qe7 31. Rd6 Nd5 32. Rxd7 Qxd7 33. Qxa6 f6
34. Qd6 Qf7 35. a3 Nf4 36. exf6 Qxf6 37. Qd2 Qf5 38. Qe3 g5 39. b3 Kg8 40. a4
bxa4 41. bxa4 g4 42. Nd4 Qf6 43. hxg4 Qh4+ 44. Kg1 Qxg4 45. Qg3 Qxg3 46. fxg3
Nd5 47. Nxe6 Kf7 48. Nf4 Nb4 49. Kf2 Kf6 50. Ke3 Kg5 51. Nd3 Nc6 52. Ke4 Kg4
53. Ne5+ Nxe5 54. Kxe5 Kxg3 55. a5 h5 56. a6 h4 57. a7 1-0

[Event "Eastern Ontario op"]
[Site "Ottawa CAN"]
[Date "2016.06.24"]
[Round "1"]
[White "Divers, Patrick"]
[Black "Collins, Chris"]
[Result "0-1"]
[WhiteElo "1997"]
[BlackElo "2075"]
[PlyCount "68"]
[EventDate "2016.06.24"]
[EventType "swiss"]
[EventRounds "5"]
[EventCountry "CAN"]

1. d4 Nf6 2. Nf3 g6 3. Bf4 d6 4. e3 Bg7 5. Bd3 c5 6. c3 Qb6 7. Qd2 O-O 8. Na3
Nh5 9. Nc4 Qc7 10. Bg3 Nxg3 11. hxg3 b5 12. Na3 a6 13. Rc1 Bb7 14. Kf1 Nd7 15.
Ng5 Nf6 16. f4 Rac8 17. Nc2 cxd4 18. Nxd4 e5 19. Nde6 fxe6 20. Nxe6 Qc6 21.
Nxf8 Rxf8 22. c4 Ne4 23. Qe1 Nc5 24. Rc2 Nxd3 25. Qe2 bxc4 26. b3 exf4 27. gxf4
Nxf4 28. exf4 Rxf4+ 29. Kg1 Qc5+ 30. Kh2 Rh4+ 31. Kg3 Qg5+ 32. Kf2 Qxg2+ 33.
Ke1 Qxh1+ 34. Kd2 Rh2 0-1

[Event "Eastern Ontario op"]
[Site "Ottawa CAN"]
[Date "2016.06.24"]
[Round "1"]
[White "Gordon, David"]
[Black "Demchenko, Svitlana"]
[Result "1-0"]
[WhiteElo "2237"]
[BlackElo "2003"]
[PlyCount "93"]
[EventDate "2016.06.24"]
[EventType "swiss"]
[EventRounds "5"]
[EventCountry "CAN"]

1. d4 Nf6 2. Bg5 e6 3. e4 Be7 4. Nd2 d5 5. e5 Nfd7 6. Be3 c5 7. c3 Nc6 8. a3
Qb6 9. b4 cxd4 10. cxd4 O-O 11. b5 Nd8 12. Bd3 f5 13. Nh3 f4 14. Qh5 h6 15. Qg6
Bg5 16. Qh7+ Kf7 17. Nxg5+ hxg5 18. Bg6+ Ke7 19. Qxg7+ Nf7 20. O-O Ndxe5 21.
dxe5 fxe3 22. Qf6+ Kd7 23. Bxf7 exd2 24. Rfd1 Qd8 25. Qxe6+ Kc7 26. Qxd5 Qxd5
27. Bxd5 Rf5 28. Rxd2 Rxe5 29. a4 Bf5 30. Rc1+ Kb6 31. a5+ Kxa5 32. Bxb7 Rae8
33. f3 Kb6 34. Bc6 Rc8 35. Ra1 Rc7 36. Rda2 Bc8 37. Kf2 Ree7 38. Kg3 Bb7 39.
Rxa7 Bxc6 40. Rxc7 Rxc7 41. bxc6 Rxc6 42. Ra2 Rc5 43. Rd2 Kc6 44. h4 gxh4+ 45.
Kxh4 Rf5 46. Kg4 Rf7 47. f4 1-0

[Event "Eastern Ontario op"]
[Site "Ottawa CAN"]
[Date "2016.06.24"]
[Round "1"]
[White "Marin, Sam"]
[Black "Zhou, Qiyu"]
[Result "1/2-1/2"]
[WhiteElo "1950"]
[BlackElo "2239"]
[PlyCount "50"]
[EventDate "2016.06.24"]
[EventType "swiss"]
[EventRounds "5"]
[EventCountry "CAN"]

1. e4 e5 2. Nc3 Nf6 3. Nf3 Nc6 4. d4 exd4 5. Nxd4 Bb4 6. Nxc6 bxc6 7. Bd3 d5 8.
exd5 cxd5 9. Qe2+ Be7 10. Bf4 c6 11. h3 O-O 12. O-O-O Be6 13. Qf3 Qa5 14. a3 d4
15. Ne4 c5 16. Bd6 Bxd6 17. Nxf6+ gxf6 18. Qxf6 c4 19. Bxh7+ Kxh7 20. Rxd4 Qh5
21. Rh4 Qxh4 22. Qxh4+ Kg6 23. Qe4+ Kf6 24. Qh4+ Kg6 25. Qe4+ Kf6 1/2-1/2

[Event "Eastern Ontario op"]
[Site "Ottawa CAN"]
[Date "2016.06.24"]
[Round "1"]
[White "Pace, Christopher"]
[Black "Donev, Danail"]
[Result "1/2-1/2"]
[WhiteElo "2205"]
[BlackElo "1945"]
[PlyCount "48"]
[EventDate "2016.06.24"]
[EventType "swiss"]
[EventRounds "5"]
[EventCountry "CAN"]

1. e4 c5 2. c4 Nc6 3. g3 g6 4. Bg2 Bg7 5. Ne2 e6 6. O-O Nge7 7. Nbc3 O-O 8. d3
d6 9. Be3 Nd4 10. Qd2 a6 11. Rab1 Nec6 12. f4 Rb8 13. g4 f5 14. exf5 exf5 15.
g5 Re8 16. Ng3 Bd7 17. Nd5 Ne7 18. b4 Nxd5 19. Bxd5+ Be6 20. Bg2 Qc7 21. Rfc1
Bd7 22. Bd5+ Be6 23. Bh1 Bd7 24. Bd5+ Be6 1/2-1/2

[Event "Eastern Ontario op"]
[Site "Ottawa CAN"]
[Date "2016.06.25"]
[Round "2"]
[White "Collins, Chris"]
[Black "Gordon, David"]
[Result "0-1"]
[WhiteElo "2075"]
[BlackElo "2237"]
[PlyCount "46"]
[EventDate "2016.06.24"]
[EventType "swiss"]
[EventRounds "5"]
[EventCountry "CAN"]

1. e4 c5 2. Nf3 Nc6 3. d4 cxd4 4. Nxd4 e5 5. Nxc6 bxc6 6. Nc3 Nf6 7. Bc4 Bb4 8.
Bg5 Qa5 9. O-O Bxc3 10. Bxf6 gxf6 11. bxc3 Qxc3 12. Bb3 a5 13. Qh5 Rf8 14. a4
Ba6 15. Rfe1 Bc4 16. Rab1 Bxb3 17. cxb3 Rb8 18. Qxh7 Rxb3 19. h4 Ke7 20. h5
Rxb1 21. Rxb1 Qc2 22. Rb7 Qxa4 23. Qg7 Qd1+ 0-1

[Event "Eastern Ontario op"]
[Site "Ottawa CAN"]
[Date "2016.06.25"]
[Round "2"]
[White "Mahdjoubi, Abdelaziz"]
[Black "Marin, Sam"]
[Result "0-1"]
[WhiteElo "1736"]
[BlackElo "1950"]
[PlyCount "78"]
[EventDate "2016.06.24"]
[EventType "swiss"]
[EventRounds "5"]
[EventCountry "CAN"]

1. e4 e6 2. d4 d5 3. e5 c5 4. c3 Nc6 5. Nf3 Qb6 6. Bd3 Bd7 7. O-O cxd4 8. cxd4
Nxd4 9. Nbd2 Nc6 10. Nb3 f6 11. Be3 Qc7 12. exf6 Nxf6 13. Ng5 Bd6 14. Nc5 Bxc5
15. Bxc5 b6 16. Ba3 Qf4 17. Nh3 Qh4 18. Rc1 Ne5 19. Ba6 Nc4 20. Bxc4 dxc4 21.
Qd6 Kf7 22. Qe7+ Kg6 23. Rc3 Rhe8 24. Rg3+ Qxg3 25. hxg3 Rxe7 26. Bxe7 Re8 27.
Bb4 e5 28. f3 Bxh3 29. gxh3 Kf5 30. g4+ Ke6 31. Re1 Nd5 32. Bd2 Rf8 33. Kf2 Nf4
34. Bxf4 Rxf4 35. h4 Rd4 36. Re2 Rd3 37. h5 Kd5 38. f4 e4 39. g5 Rf3+ 0-1

[Event "Eastern Ontario op"]
[Site "Ottawa CAN"]
[Date "2016.06.25"]
[Round "2"]
[White "Pace, Anthony"]
[Black "Pace, Christopher"]
[Result "0-1"]
[WhiteElo "1933"]
[BlackElo "2205"]
[PlyCount "96"]
[EventDate "2016.06.24"]
[EventType "swiss"]
[EventRounds "5"]
[EventCountry "CAN"]

1. d4 Nf6 2. Nc3 d5 3. Bg5 c6 4. Qd2 Bf5 5. f3 Nbd7 6. e3 Qb6 7. Na4 Qc7 8. c4
e6 9. Rc1 Bd6 10. Ne2 Bxh2 11. Rxh2 Qxh2 12. Bf4 Qh4+ 13. Bg3 Qh6 14. Bd6 dxc4
15. Nc5 Nxc5 16. dxc5 Bd3 17. Nf4 Qh4+ 18. Qf2 Qxf2+ 19. Kxf2 Bxf1 20. Rxf1
O-O-O 21. e4 b6 22. e5 Nd7 23. Rc1 Nxc5 24. Rxc4 Kb7 25. b4 Na6 26. Nh5 Rhg8
27. Rg4 Nc7 28. Ke3 Ne8 29. Be7 Rd5 30. f4 Rd1 31. Nf6 Nxf6 32. exf6 g6 33. Rh4
h5 34. Rh2 Ka6 35. g3 Kb5 36. g4 Rh8 37. f5 exf5 38. gxf5 g5 39. a4+ Kc4 40.
Rc2+ Kd5 41. a5 h4 42. Ke2 Rd4 43. Ke3 h3 44. Rh2 g4 45. Bd6 Kxd6 46. Kxd4 g3
47. Rd2 h2 48. axb6 axb6 0-1